| 000 | 00413pab a2200169 454500 | ||
|---|---|---|---|
| 008 | 180718b2006 xxu||||| |||| 00| 0 eng d | ||
| 100 | _aRoby, Jini L. | ||
| 245 | _aThe African orphan crisis and international adoption | ||
| 260 | _c2006 | ||
| 300 | _ap.199-210. | ||
| 362 | _aJul | ||
| 650 | _aResidential child care | ||
| 700 | _aShaw, Stacey A. | ||
| 773 | _aSocial Work | ||
| 908 | _aN | ||
| 909 | _a78482 | ||
| 999 |
_c78482 _d78482 |
||